Normal view
MARC view
- Susan E. Owens
Entry Personal Name
001 - CONTROL NUMBER
- control field: 23517
003 - CONTROL NUMBER IDENTIFIER
- control field: NUST
005 - DATE AND TIME OF LATEST TRANSACTION
- control field: 20191011101720.0
008 - FIXED-LENGTH DATA ELEMENTS
- fixed length control field: 191011|| aca||aabn | a|a d
040 ## - CATALOGING SOURCE
- Original cataloging agency: NUST
- Transcribing agency: NUST
100 ## - HEADING--PERSONAL NAME
- Personal name: Susan E. Owens
670 ## - SOURCE DATA FOUND
- Source citation: Work cat.: (NUST): Susan E. Owens, Land and Limits: Interpreting Sustainability in the Planning Process, c2002
